Countries of Central America and The Caribbean - Statistics

General Stats
  • This quiz has been taken 350 times
  • The average score is 15 of 21
Answer Stats
Countries % Correct
Haiti
84%
Jamaica
83%
Honduras
81%
Panama
81%
Cuba
80%
Dominica
80%
El Salvador
80%
Belize
79%
Guatemala
78%
Costa Rica
77%
Nicaragua
77%
Bahamas
76%
Dominican Republic
75%
Trinidad and Tobago
66%
Barbados
64%
St Kitts and Nevis
60%
St Lucia
60%
Antigua and Barbuda
58%
Mexico
54%
Grenada
53%
St Vincents and The Grenadines
9%
No matching quizzes found
Score Distribution
Percent of People with Each Score
Percentile by Number Answered
Your Score History
You have not taken this quiz